[Event "ICS rated blitz match"]
[Site "204.178.125.65"]
[Date "2000.05.24"]
[Round "?"]
[White "Hossa"]
[Black "JZInsomniac"]
[Result "1-0"]
[WhiteElo "2486"]
[BlackElo "2799"]
[PlyCount "173"]
[EventDate "2000.??.??"]

1. e4 c5 2. Nf3 d6 3. d4 cxd4 4. Nxd4 Nf6 5. Nc3 e6 6. Be2 Be7 7. O-O Nc6 8.
Be3 a6 9. f4 Qc7 10. Qd2 Bd7 11. Rad1 O-O 12. Bf3 Nxd4 13. Bxd4 e5 14. Bf2 exf4
15. Bd4 Rfe8 16. Qxf4 Be6 17. Be2 b5 18. a3 Nd7 19. Bg4 Bf6 20. Bxe6 Rxe6 21.
Rf2 Nb6 22. Bxb6 Qxb6 23. Nd5 Qb7 24. c3 Be5 25. Qf3 Rae8 26. Rdf1 f6 27. Qf5
a5 28. g3 Qa7 29. Qg4 a4 30. Qf5 Qb7 31. Kh1 Qf7 32. Qf3 Qa7 33. Qh5 Qc5 34.
Qf5 Qc4 35. Kg1 Qc6 36. Rd2 Qc5+ 37. Rff2 Qc4 38. Rd1 Qc6 39. Qf3 Qb7 40. Qg4
Qd7 41. Rdd2 h6 42. Qh5 Qb7 43. Qf5 Qc6 44. Rd1 Qc5 45. Rdf1 Qc8 46. Qg4 Qc4
47. Kh1 h5 48. Qg6 h4 49. gxh4 Qc6 50. h5 f5 51. Qxf5 Qb7 52. Kg1 Rh6 53. Rf3
Qa7+ 54. Kg2 Qb7 55. Kh1 Qa7 56. Qg5 Qd7 57. Rf5 Qb7 58. Qg4 Qc8 59. Qf3 Qc4
60. Rf8+ Rxf8 61. Qxf8+ Kh7 62. Qf3 Kh8 63. Rf2 Kh7 64. Qf5+ Kh8 65. Kg2 Qb3
66. Qf7 Qd1 67. Qf8+ Kh7 68. Qf5+ Kh8 69. Ne7 Rf6 70. Qc8+ Kh7 71. Qg8+ Kh6 72.
Qh8+ Kg5 73. Qxg7+ Kh4 74. Rf4+ Rxf4 75. Qg3+ Kxh5 76. Qg6+ Kh4 77. Qh6+ Qh5
78. Ng6+ Kg4 79. h3+ Qxh3+ 80. Qxh3+ Kg5 81. Nxf4 Bxf4 82. Qf5+ Kh6 83. Qxf4+
Kh5 84. Qf6 b4 85. Kf3 b3 86. Kf4 d5 87. Qg5# 1-0

[Event "ICS rated blitz match"]
[Site "204.178.125.65"]
[Date "2000.05.24"]
[Round "?"]
[White "AnatKarp"]
[Black "Hossa"]
[Result "1/2-1/2"]
[WhiteElo "2495"]
[BlackElo "2513"]
[PlyCount "239"]
[EventDate "2000.??.??"]

1. e4 c5 2. Nc3 e6 3. Nf3 a6 4. Be2 Nc6 5. O-O Nf6 6. a4 Be7 7. d4 cxd4 8. Nxd4
d6 9. Nxc6 bxc6 10. Qd3 O-O 11. Qg3 e5 12. b3 a5 13. Bd2 Ne8 14. Rad1 Bh4 15.
Qf3 Be6 16. Bd3 Rb8 17. Ne2 Bg5 18. Bc3 Nf6 19. h3 Rb7 20. Ng3 Bf4 21. Bd2 Bxd2
22. Rxd2 Nd7 23. Ba6 Ra7 24. Be2 Nc5 25. Rfd1 Rd7 26. Qe3 Qc7 27. f4 f6 28. f5
Bf7 29. h4 Rfd8 30. Bf3 Qb6 31. Qf2 d5 32. Kh2 Kh8 33. h5 h6 34. Qf1 Qc7 35.
Qe1 dxe4 36. Rxd7 Rxd7 37. Rxd7 Qxd7 38. Nxe4 Nxe4 39. Qxe4 Bd5 40. Qd3 Qf7 41.
Be2 Qb7 42. Qe3 Qb4 43. c4 Bg8 44. Bf3 Qd6 45. Kh1 c5 46. Qc3 Qb6 47. Qd3 Qb4
48. Qe3 Bf7 49. Kg1 Kg8 50. Kf1 Kf8 51. Kf2 Ke7 52. Kg3 Qb6 53. Kh2 Qd6 54. Qe1
Kf8 55. Kh1 Qd8 56. Qc3 Be8 57. Qe3 Qd6 58. Qe1 Qb6 59. Qd1 Ke7 60. Qd5 Bf7 61.
Qa8 Qc7 62. Qe4 Qc8 63. Qe3 Be8 64. g4 Qc7 65. Bd5 Bf7 66. Bg2 Qd6 67. Bf3 Qd4
68. Qe1 Qd8 69. Kg2 Kf8 70. Qc3 Ke8 71. Kh2 Bg8 72. Bc6+ Ke7 73. Kg3 Bf7 74.
Bb7 Qb8 75. Be4 Qb6 76. Kh2 Qd8 77. Bf3 Qd6 78. Kg2 Qb6 79. Qe3 Be8 80. Kh2 Bc6
81. Be2 Qb4 82. Bd1 Qa3 83. Qd2 Qa1 84. Qe2 Qd4 85. Kg3 Qf4+ 86. Kh3 Be4 87.
Qe1 Bf3 88. Qg1 Kd6 89. Bxf3 Qxf3+ 90. Kh4 Qxb3 91. Qg2 Qxc4 92. Qd2+ Qd4 93.
Qxa5 Qf2+ 94. Kh3 Qf3+ 95. Kh4 Qh1+ 96. Kg3 Qg1+ 97. Kh3 Qe3+ 98. Kh4 Qg5+ 99.
Kh3 c4 100. Qb6+ Kd5 101. a5 Ke4 102. a6 Qc1 103. Kg2 Qd1 104. Qc6+ Kf4 105.
Qxc4+ Kg5 106. a7 Qa1 107. Qc7 Qa2+ 108. Kg3 Qa3+ 109. Kf2 Kf4 110. Ke1 Qa1+
111. Ke2 Qa2+ 112. Kd1 Qa4+ 113. Kd2 Qa2+ 114. Kc3 Qa3+ 115. Kc2 Qa2+ 116. Kd1
Qa4+ 117. Kd2 Qa2+ 118. Kc3 Qa3+ 119. Kc2 Qa2+ 120. Kd1 1/2-1/2

[Event "ICS rated blitz match"]
[Site "204.178.125.65"]
[Date "2000.05.25"]
[Round "?"]
[White "Hossa"]
[Black "PostModernist"]
[Result "0-1"]
[WhiteElo "2512"]
[BlackElo "2668"]
[PlyCount "126"]
[EventDate "2000.??.??"]

1. e4 c5 2. Nf3 d6 3. d4 Nf6 4. Nc3 cxd4 5. Nxd4 Nc6 6. Bg5 e6 7. Qd2 a6 8.
O-O-O Bd7 9. f4 h6 10. Bxf6 gxf6 11. Kb1 Be7 12. Nce2 Qb6 13. g4 O-O-O 14. h4
Rdg8 15. Bh3 h5 16. g5 fxg5 17. fxg5 Ne5 18. Rhf1 Kb8 19. Nf4 Rc8 20. g6 fxg6
21. Bxe6 Bxe6 22. Nfxe6 Bxh4 23. Qf4 Be7 24. Qd2 Rhe8 25. c3 h4 26. Nf4 Bg5 27.
Nd5 Qd8 28. Qg2 Rc4 29. b3 Rc5 30. Nf3 Nxf3 31. Qxf3 Re5 32. c4 Qe8 33. Rfe1
Qe6 34. Re2 Rc8 35. Rg2 Bh6 36. Nf6 Rg5 37. Rxg5 Bxg5 38. Nd5 Rh8 39. Re1 h3
40. c5 h2 41. cxd6 Qxd6 42. Rd1 Rc8 43. Rh1 Rc1+ 44. Rxc1 Bxc1 45. a4 Ba3 46.
b4 Bxb4 47. Ka2 Qc6 48. Kb3 Bd6 49. Qd1 Qc5 50. Nf6 Qa3+ 51. Kc4 Qxa4+ 52. Qxa4
b5+ 53. Kd5 bxa4 54. Kxd6 a3 55. Nd7+ Ka7 56. Ne5 a2 57. Nxg6 h1=Q 58. e5 a1=Q
59. Ke7 Qh7+ 60. Kd6 Qxg6+ 61. e6 Qd4+ 62. Ke7 Qgf6+ 63. Ke8 Qa4# {
Hossa checkmated} 0-1

[Event "ICS rated standard match"]
[Site "204.178.125.65"]
[Date "2000.05.25"]
[Round "?"]
[White "Hossa"]
[Black "QueenMaxima"]
[Result "1-0"]
[WhiteElo "2342"]
[BlackElo "2298"]
[PlyCount "121"]
[EventDate "2000.??.??"]

1. e4 e5 2. Nf3 Nc6 3. d4 exd4 4. Nxd4 Bc5 5. Nb3 Bb6 6. Bd3 Nf6 7. Nc3 d6 8.
Bg5 Be6 9. Nd5 Bxd5 10. exd5 Ne5 11. O-O O-O 12. Bf5 h6 13. Bh4 Re8 14. Re1 a5
15. a4 Ba7 16. Kh1 g6 17. Bh3 g5 18. f4 gxh4 19. fxe5 Rxe5 20. Qf3 Qe8 21. Rxe5
Qxe5 22. Rf1 Kg7 23. Nxa5 Bd4 24. Nxb7 Bxb2 25. Bd7 Qxd5 26. Bc6 Qxf3 27. Rxf3
Ra6 28. Bb5 Ra7 29. Nd8 Ra8 30. Nc6 Re8 31. Rf1 h3 32. gxh3 Ne4 33. Nb4 Re6 34.
Nd5 c5 35. Nf4 Re7 36. Nd5 Re5 37. c4 Bd4 38. h4 Bf2 39. a5 Bxh4 40. a6 Nf2+
41. Kg2 Re2 42. Nc3 Re7 43. Rxf2 Bxf2 44. Kxf2 f5 45. Bc6 Ra7 46. Bb7 Kf6 47.
Nb5 Rxa6 48. Bxa6 Ke5 49. Bb7 Ke6 50. Bd5+ Ke7 51. Kg3 Kd7 52. Kf4 h5 53. Kxf5
h4 54. Kf6 Kd8 55. Be6 d5 56. cxd5 c4 57. d6 c3 58. Na7 Ke8 59. Nc6 Kf8 60. d7
h3 61. d8=Q# 1-0

[Event "ICS rated standard match"]
[Site "204.178.125.65"]
[Date "2000.05.25"]
[Round "?"]
[White "Beadle"]
[Black "Hossa"]
[Result "1-0"]
[WhiteElo "2441"]
[BlackElo "2356"]
[PlyCount "73"]
[EventDate "2000.??.??"]

1. c4 d5 2. cxd5 Qxd5 3. Nc3 Qa5 4. e3 Nf6 5. Nf3 e5 6. Qb3 e4 7. Bb5+ c6 8.
Ng5 cxb5 9. Qxf7+ Kd8 10. Ncxe4 Nxe4 11. Qd5+ Ke8 12. Qxe4+ Be7 13. Ne6 b4 14.
Nxg7+ Kf7 15. g4 Nc6 16. Nf5 b3 17. a4 Bb4 18. O-O Rf8 19. d4 Bxf5 20. gxf5
Rfe8 21. Qf3 Rg8+ 22. Kh1 Rg7 23. d5 Ne5 24. Qh5+ Kg8 25. e4 Bd2 26. f6 Rg5 27.
Bxd2 Qxd2 28. Rg1 Rg6 29. Qxe5 Qe2 30. Rg3 Qxf2 31. Rag1 Qc5 32. f7+ Kf8 33.
Rf1 Qc1 34. Rxc1 a5 35. Rc7 Rg4 36. Qh8+ Rg8 37. fxg8=Q# {Hossa checkmated} 1-0

[Event "ICS rated standard match"]
[Site "204.178.125.65"]
[Date "2000.05.25"]
[Round "?"]
[White "Hossa"]
[Black "Beadle"]
[Result "1-0"]
[WhiteElo "2344"]
[BlackElo "2453"]
[PlyCount "147"]
[EventDate "2000.??.??"]

1. c4 Nf6 2. Nc3 e6 3. e4 d5 4. cxd5 exd5 5. e5 Ng4 6. d4 Bb4 7. Be2 h5 8. Nf3
Bxc3+ 9. bxc3 c6 10. O-O Bf5 11. h3 Nh6 12. Bg5 Qd7 13. Nh4 g6 14. c4 dxc4 15.
Bxc4 b5 16. Be2 Be6 17. Qc2 Nf5 18. Nxf5 Bxf5 19. Qc3 O-O 20. Bf6 Qe6 21. Bd1
Be4 22. Bb3 Bd5 23. f4 Qf5 24. Bc2 Be4 25. Bxe4 Qxe4 26. f5 Nd7 27. fxg6 fxg6
28. Be7 Rxf1+ 29. Rxf1 Qd5 30. Rf2 Kh7 31. Bd6 Nb6 32. a3 Rd8 33. Kh1 Rd7 34.
Rf6 Qe4 35. Qa1 Nd5 36. Rf3 Nb6 37. Qg1 a5 38. Qf2 Qd5 39. Rf8 Rg7 40. Rf4 Rd7
41. Rf6 Nc4 42. Bc5 Rd8 43. Qf4 Rg8 44. Bf8 Rg7 45. e6 Nd6 46. Bxg7 Kxg7 47.
Rf7+ Nxf7 48. Qxf7+ Kh6 49. Qf8+ Kh7 50. e7 Qxd4 51. e8=Q Qa1+ 52. Kh2 Qg7 53.
Qxg7+ Kxg7 54. Qxc6 b4 55. Qc7+ Kf6 56. a4 g5 57. Qd8+ Kg6 58. Qb6+ Kg7 59.
Qxa5 Kg6 60. Qxb4 g4 61. Qe4+ Kg5 62. Qe7+ Kf4 63. g3+ Kf3 64. Kg1 gxh3 65. Qe5
h4 66. gxh4 Kg4 67. h5 h2+ 68. Kxh2 Kf3 69. Kg1 Kg4 70. Kf2 Kh4 71. Qg3+ Kxh5
72. Qg7 Kh4 73. Qg6 Kh3 74. Qh5# {Beadle checkmated} 1-0

[Event "ICS rated standard match"]
[Site "204.178.125.65"]
[Date "2000.05.25"]
[Round "?"]
[White "M-Castilla"]
[Black "Hossa"]
[Result "0-1"]
[WhiteElo "2050"]
[BlackElo "2365"]
[PlyCount "158"]
[EventDate "2000.??.??"]

1. e4 c5 2. c4 Nc6 3. Nc3 d6 4. g3 Nf6 5. Bg2 Nd4 6. f3 e5 7. d3 Be7 8. Nge2
O-O 9. O-O Bd7 10. h3 Qc8 11. Kh2 b6 12. f4 Qd8 13. f5 a6 14. g4 h6 15. Be3 b5
16. Qd2 bxc4 17. dxc4 Qb6 18. b3 a5 19. Bxh6 gxh6 20. Qxh6 Nxe2 21. Nxe2 Qb4
22. g5 Qd2 23. Rf3 Nxe4 24. f6 Nxf6 25. Rd1 Ng4+ 26. hxg4 Qxg5 27. Qxg5+ Bxg5
28. Rxd6 Be6 29. Rfd3 Ra7 30. Kg3 a4 31. Be4 axb3 32. axb3 Kg7 33. Bf5 Be7 34.
Rc6 Bxf5 35. gxf5 Rb8 36. Kg4 f6 37. Ng3 Rbb7 38. Ne4 Rc7 39. Rxc7 Rxc7 40. Rd5
Kf7 41. Kh5 Ke8 42. Kg6 Rc6 43. Nc3 Rc8 44. Nb5 Kf8 45. Rd7 Rd8 46. Rxd8+ Bxd8
47. Nc3 Ke8 48. Ne4 Be7 49. Kg7 Kd8 50. Kf7 Kd7 51. Nc3 Bd8 52. Nd5 e4 53. Kg6
Kd6 54. Kh5 Ke5 55. Kg4 Ba5 56. Ne7 Bd2 57. Nc6+ Kd6 58. Nd8 Be3 59. Nf7+ Ke7
60. Nh6 Bxh6 61. Kg3 Kd6 62. Kf2 Ke5 63. Ke2 Kxf5 64. Kf2 Kg6 65. Ke2 f5 66.
Kf2 f4 67. Ke2 f3+ 68. Kf2 Bf4 69. b4 cxb4 70. c5 b3 71. c6 b2 72. c7 e3+ 73.
Kxf3 Bxc7 74. Kxe3 b1=Q 75. Kd4 Qb3 76. Ke4 Kf6 77. Kd4 Bb6+ 78. Ke4 Qe3+ 79.
Kd5 Qe6# 0-1

[Event "ICS rated standard match"]
[Site "204.178.125.65"]
[Date "2000.05.25"]
[Round "?"]
[White "Hossa"]
[Black "M-Castilla"]
[Result "1-0"]
[WhiteElo "2369"]
[BlackElo "2046"]
[PlyCount "75"]
[EventDate "2000.??.??"]

1. c4 e6 2. Nc3 Bb4 3. d4 Bxc3+ 4. bxc3 Nf6 5. Nf3 d6 6. Bg5 h6 7. Bxf6 Qxf6 8.
e4 e5 9. c5 Bg4 10. cxd6 cxd6 11. Bb5+ Nd7 12. dxe5 dxe5 13. Qd5 O-O-O 14.
Bxd7+ Rxd7 15. Qc5+ Rc7 16. Qxa7 Bxf3 17. Qa8+ Kd7 18. Qxh8 Bxg2 19. Rg1 Qf3
20. Rd1+ Kc6 21. Qe8+ Kb6 22. Rd6+ Rc6 23. Qxe5 Rxd6 24. Qxd6+ Ka7 25. Qa3+ Kb8
26. Qb4 g5 27. e5 h5 28. Qd4 h4 29. Kd2 h3 30. Rd1 Qc6 31. Qd6+ Qxd6+ 32. exd6
f5 33. Ke3 Kc8 34. Kd4 f4 35. Ke5 f3 36. d7+ Kd8 37. Kd6 g4 38. Re1 {
M-Castilla resigns} 1-0

[Event "ICS rated standard match"]
[Site "204.178.125.65"]
[Date "2000.05.25"]
[Round "?"]
[White "kix"]
[Black "Hossa"]
[Result "0-1"]
[WhiteElo "2084"]
[BlackElo "2373"]
[PlyCount "46"]
[EventDate "2000.??.??"]

1. e4 c5 2. c3 e6 3. d4 Nf6 4. e5 Nd5 5. Nf3 cxd4 6. cxd4 d6 7. Nc3 dxe5 8.
Nxd5 Qxd5 9. Nxe5 Bb4+ 10. Bd2 Qxd4 11. Bb5+ Bd7 12. Nxd7 Bxd2+ 13. Qxd2 Qxd2+
14. Kxd2 Nxd7 15. Rhd1 O-O-O 16. Rac1+ Kb8 17. Ke3 Nf6 18. Bc4 Ng4+ 19. Kf3
Rxd1 20. Rxd1 Ne5+ 21. Ke4 Nxc4 22. Rd7 Kc8 23. Rxf7 Nd6+ {kix resigns} 0-1

[Event "ICS Rated standard match"]
[Site "204.178.125.65"]
[Date "2000.05.25"]
[Round "?"]
[White "Hossa"]
[Black "Beadle"]
[Result "0-1"]
[WhiteElo "2378"]
[BlackElo "2422"]
[PlyCount "168"]
[EventDate "2000.??.??"]

1. c4 e6 2. Nc3 d5 3. d4 Nf6 4. cxd5 exd5 5. Bg5 c6 6. e3 Bf5 7. Bxf6 Qxf6 8.
Nf3 Bd6 9. Bd3 Bxd3 10. Qxd3 O-O 11. O-O Re8 12. e4 Qg6 13. Rae1 Nd7 14. Qc2
Nf6 15. Qb3 Nxe4 16. Qxb7 Rab8 17. Qxa7 Rxb2 18. Nxe4 dxe4 19. Qd7 Rbb8 20. Nh4
Qf6 21. g3 Re6 22. Rd1 Rd8 23. Qb7 Bf8 24. a4 Rxd4 25. Rxd4 Qxd4 26. Qb3 Qd3
27. Qb6 Rf6 28. Ng2 c5 29. Qb5 Qf3 30. Nf4 h5 31. Nd5 Rd6 32. Qxc5 h4 33. Ne3
hxg3 34. fxg3 Rd3 35. Qxf8+ Kxf8 36. Rxf3 exf3 37. Kf2 Rd2+ 38. Kxf3 Rxh2 39.
Nd5 Rh5 40. Nb6 Ra5 41. Ke4 f6 42. Kd4 Kf7 43. Kc4 Rg5 44. Kb4 Rg4+ 45. Kc5
Rxg3 46. a5 Ra3 47. Nc4 Ra1 48. Kb6 Ra4 49. Kb5 Ra2 50. a6 g5 51. Na5 Rb2+ 52.
Kc6 g4 53. a7 Rc2+ 54. Kb7 g3 55. a8=Q g2 56. Ka6 g1=Q 57. Qb7+ Kf8 58. Qb5 Qe3
59. Qd5 Qe8 60. Qd4 Kf7 61. Qa7+ Qe7 62. Qxe7+ Kxe7 63. Nb3 Ra2+ 64. Kb5 Rb2
65. Kc4 Rxb3 66. Kxb3 f5 67. Kc4 Kf6 68. Kd3 Kg5 69. Ke2 Kg4 70. Kf2 Kf4 71.
Kg1 Kf3 72. Kf1 f4 73. Ke1 Kg2 74. Ke2 f3+ 75. Ke3 f2 76. Kf4 f1=Q+ 77. Ke5
Qb5+ 78. Ke6 Kf3 79. Kf6 Qe8 80. Kg7 Qe7+ 81. Kh6 Qf7 82. Kg5 Qe6 83. Kh5 Kf4
84. Kh4 Qh6# {Hossa checkmated} 0-1

[Event "ICS rated bullet match"]
[Site "204.178.125.65"]
[Date "2000.05.25"]
[Round "?"]
[White "JSBach"]
[Black "Hossa"]
[Result "0-1"]
[WhiteElo "2015"]
[BlackElo "2288"]
[PlyCount "218"]
[EventDate "2000.??.??"]

1. e4 c5 2. Nc3 e6 3. Bc4 Nf6 4. d4 cxd4 5. Qxd4 Nc6 6. Qd2 Bb4 7. Qe3 d5 8.
exd5 Nxd5 9. Bxd5 Qxd5 10. Nf3 Bxc3+ 11. Qxc3 e5 12. O-O Bg4 13. Ng5 h6 14. Qg3
Be2 15. Re1 hxg5 16. Qxg5 O-O 17. Be3 f6 18. Qg3 Qc4 19. Bh6 Rf7 20. c3 Rd7 21.
a3 Bd3 22. Be3 Rad8 23. Rad1 Qa2 24. Rd2 Bf5 25. Rde2 Qc4 26. f3 b5 27. Kh1 g6
28. Bh6 Rh7 29. Be3 Rh5 30. f4 e4 31. Bf2 Qf7 32. Bc5 Rd5 33. Be3 Qd7 34. Kg1
Rd1 35. Rxd1 Qxd1+ 36. Re1 Qd5 37. Qf2 a5 38. Bc5 Bc8 39. Be3 Bg4 40. Qg3 Bf5
41. Kh1 Qb3 42. Re2 Qc4 43. Re1 Qa2 44. Qf2 Bg4 45. Kg1 Qf7 46. Qg3 Be6 47. Bc1
f5 48. Be3 Bb3 49. Bc5 Qh7 50. Re3 Rh4 51. Re1 Rg4 52. Qe3 Qh4 53. Bd6 Bc4 54.
Rb1 Bd3 55. Re1 Qd8 56. h3 Rh4 57. Qc5 Qd7 58. Qf2 Rh5 59. Bc5 Bc4 60. Qg3 Qh7
61. Qe3 Bb3 62. Qe2 Qb7 63. Qe3 Qd7 64. Qg3 Qg7 65. Qe3 Rh4 66. Qg3 Qh6 67. Bd6
Bc4 68. Rd1 Qh5 69. Re1 Bd3 70. Qf2 Qh7 71. Qe3 Bc4 72. Rd1 Qd7 73. Qg3 Qa7+
74. Kh1 Qh7 75. Kg1 Bb3 76. Rd2 Qa7+ 77. Kh1 Rh6 78. Qg5 Qh7 79. Qf6 Qf7 80.
Qg5 Rh5 81. Qg3 Qh7 82. Kg1 Qa7+ 83. Kh1 Bf7 84. Re2 Qb7 85. Re3 Qd7 86. Bc5
Qd2 87. b4 Qa2 88. bxa5 Nxa5 89. Qe1 Qd5 90. Be7 Nc4 91. Rg3 Qd7 92. Qe2 Rh6
93. Bg5 Rh7 94. Bf6 Qd6 95. Bg5 Qxa3 96. Qd1 Be8 97. Qd8 Qf8 98. Bh4 Ra7 99.
Qd5+ Kh7 100. Qe6 Ra1+ 101. Kh2 Nd2 102. Rg5 Nf1+ 103. Kh1 Qc5 104. Be1 Rxe1
105. Qxe8 Nd2+ 106. Kh2 Qg1+ 107. Kg3 Re3+ 108. Kh4 Qe1+ 109. g3 Nf3# {
JSBach checkmated} 0-1

[Event "ICS rated bullet match"]
[Site "204.178.125.65"]
[Date "2000.05.25"]
[Round "?"]
[White "Hossa"]
[Black "JSBach"]
[Result "1-0"]
[WhiteElo "2294"]
[BlackElo "2009"]
[PlyCount "85"]
[EventDate "2000.??.??"]

1. e4 e5 2. Nf3 Nc6 3. d4 exd4 4. Nxd4 Qh4 5. Nxc6 Qxe4+ 6. Be2 Qxc6 7. O-O Qd6
8. Re1 Qxd1 9. Bxd1+ Ne7 10. Nc3 c6 11. Ne4 Kd8 12. Nd6 Kc7 13. Nxf7 Rg8 14.
Bf4+ Kb6 15. a4 d5 16. a5+ Kb5 17. Bd6 c5 18. Bxe7 Bxe7 19. Rxe7 Kc6 20. Bf3 c4
21. Rd1 Kb5 22. Nd6+ Kxa5 23. Rxd5+ Ka6 24. Nb5 Kb6 25. Nc7 a6 26. Nxa8+ Ka7
27. Nc7 h6 28. Rc5 Kb6 29. Rxc4 g5 30. Rh7 Ka7 31. Rxh6 b5 32. Rc5 g4 33. Bxg4
Rxg4 34. Nxb5+ axb5 35. Rxc8 Rg7 36. Rcc6 Rg5 37. Rh7+ Kb8 38. Rb6+ Kc8 39. Re6
Rg8 40. Rc6+ Kd8 41. Ra6 Rg7 42. Rxg7 Kc8 43. Ra8# {JSBach checkmated} 1-0

[Event "ICS rated blitz match"]
[Site "204.178.125.65"]
[Date "2000.05.25"]
[Round "?"]
[White "QueenMaxima"]
[Black "Hossa"]
[Result "0-1"]
[WhiteElo "2603"]
[BlackElo "2503"]
[PlyCount "120"]
[EventDate "2000.??.??"]

1. d4 Nf6 2. Nf3 g6 3. c4 Bg7 4. Nc3 O-O 5. e4 d6 6. Be2 Na6 7. O-O e5 8. Be3
exd4 9. Nxd4 Nc5 10. f3 a5 11. Re1 Bd7 12. Qd2 Ne6 13. Bf1 Nxd4 14. Bxd4 Re8
15. Nd5 Bc6 16. Rad1 Rf8 17. e5 Nxd5 18. cxd5 Bxd5 19. exd6 Bxd4+ 20. Qxd4 Bxa2
21. Qc5 cxd6 22. Rxd6 Qc8 23. Qxc8 Rfxc8 24. Re7 Rc1 25. Kf2 Rc2+ 26. Re2 Rxe2+
27. Bxe2 Rc8 28. Bd3 Bc4 29. Bxc4 Rxc4 30. Rb6 Rh4 31. Rxb7 Rxh2 32. Rb5 Rh5
33. Rxh5 gxh5 34. b3 h4 35. Ke3 Kg7 36. Kf4 h3 37. gxh3 Kf6 38. h4 Kg6 39. Ke5
Kh5 40. Kf6 h6 41. Kxf7 Kxh4 42. Kg6 Kg3 43. Kxh6 Kxf3 44. Kg5 Ke4 45. Kg4 Kd4
46. Kf4 Kc3 47. Ke3 Kxb3 48. Kd2 Kb2 49. Kd3 a4 50. Ke3 a3 51. Kf4 a2 52. Ke5
Kc3 53. Kd6 Kd4 54. Ke6 a1=Q 55. Kf5 Qa6 56. Kg4 Ke4 57. Kg5 Qb6 58. Kh4 Kf4
59. Kh3 Qb2 60. Kh4 Qh2# 0-1

[Event "ICS rated blitz match"]
[Site "204.178.125.65"]
[Date "2000.05.25"]
[Round "?"]
[White "Hossa"]
[Black "QueenMaxima"]
[Result "0-1"]
[WhiteElo "2523"]
[BlackElo "2583"]
[PlyCount "162"]
[EventDate "2000.??.??"]

1. e4 e5 2. Nf3 Nc6 3. d4 exd4 4. Nxd4 Bc5 5. Nb3 Bb6 6. Bd3 Nf6 7. Nc3 O-O 8.
O-O h6 9. Na4 Re8 10. Nxb6 axb6 11. f3 d5 12. Bf4 dxe4 13. fxe4 Bd7 14. Bg3 Ne5
15. Qd2 Ra4 16. Bxe5 Rxe5 17. Qf2 Qe7 18. Nd2 Bc6 19. b3 Ra8 20. Nc4 Rh5 21.
Qe2 Bxe4 22. b4 Rh4 23. a3 Qe6 24. a4 Bd5 25. Ne5 Rxb4 26. c4 Bc6 27. Bc2 Ng4
28. Qxg4 Qxe5 29. Kh1 Qg5 30. Qxg5 hxg5 31. Rac1 Re8 32. Kg1 Bxa4 33. Bxa4 Rxa4
34. Rc2 Re4 35. Rfc1 Rg4 36. g3 Kf8 37. Kf2 Rd4 38. Ke3 Rd6 39. Re1 Rc6 40. Kd3
Ra3+ 41. Kd2 Rd6+ 42. Ke2 Rd4 43. Kf2 Ra5 44. Rce2 Ra8 45. Re4 Ra2+ 46. Ke3
Rxe4+ 47. Kxe4 Rxh2 48. Ra1 Rc2 49. Ra4 Re2+ 50. Kf3 Re5 51. Ra8+ Ke7 52. Ra4
Kd6 53. g4 Ra5 54. Rb4 Kc5 55. Rb1 Ra3+ 56. Ke4 f6 57. Rc1 Ra4 58. Kd3 Ra8 59.
Ke3 Rd8 60. Rh1 Rd7 61. Ke4 Kxc4 62. Rc1+ Kb3 63. Rh1 b5 64. Rb1+ Kc4 65. Rc1+
Kb4 66. Rb1+ Ka5 67. Ra1+ Kb6 68. Ra2 c5 69. Kf5 b4 70. Rb2 Kb5 71. Ke4 Rd4+
72. Kf3 c4 73. Ra2 c3 74. Rc2 b3 75. Rxc3 b2 76. Rb3+ Rb4 77. Rd3 b1=Q 78. Rd7
Qe4+ 79. Kg3 Rb2 80. Rd2 Rxd2 81. Kh3 Qe3# {Hossa checkmated} 0-1

[Event "ICS rated blitz match"]
[Site "204.178.125.65"]
[Date "2000.05.25"]
[Round "?"]
[White "Hossa"]
[Black "PostModernist"]
[Result "0-1"]
[WhiteElo "2510"]
[BlackElo "2667"]
[PlyCount "112"]
[EventDate "2000.??.??"]

1. e4 c5 2. Nf3 d6 3. d4 Nf6 4. Nc3 cxd4 5. Nxd4 Nc6 6. Bg5 e6 7. Qd2 a6 8.
Nxc6 bxc6 9. f4 h6 10. Bxf6 Qxf6 11. Bd3 e5 12. O-O Be7 13. Bc4 O-O 14. fxe5
Qxe5 15. Qf2 Bf6 16. Rad1 Bg4 17. Rd2 Rfb8 18. Bb3 Rb7 19. a3 Be6 20. Rfd1 Rd8
21. Bxe6 fxe6 22. Na4 Qxe4 23. Nc5 dxc5 24. Rxd8+ Bxd8 25. Rxd8+ Kh7 26. b3 Qe5
27. Rd1 Re7 28. Qf8 Qe2 29. Rf1 Qe3+ 30. Rf2 Rd7 31. Qf3 Qc1+ 32. Rf1 Qxc2 33.
Qxc6 Rd2 34. a4 a5 35. Qa8 Qd3 36. Qf3 Qd4+ 37. Kh1 c4 38. bxc4 Qxc4 39. Ra1
Qd4 40. Qf1 Rb2 41. Re1 Qxa4 42. Rxe6 Qc2 43. Re1 a4 44. Rc1 Qg6 45. Rc4 a3 46.
Rc1 a2 47. h4 Rb1 48. Kh2 a1=Q 49. Rxb1 Qe5+ 50. Kg1 Qd4+ 51. Kh1 Qxh4+ 52. Kg1
Qd4+ 53. Qf2 Qxb1+ 54. Kh2 Qxf2 55. Kh3 Qh1+ 56. Kg4 Qhh4# {Hossa checkmated}
0-1

[Event "ICS rated blitz match"]
[Site "204.178.125.65"]
[Date "2000.05.25"]
[Round "?"]
[White "QueenMaxima"]
[Black "Hossa"]
[Result "1-0"]
[WhiteElo "2604"]
[BlackElo "2501"]
[PlyCount "67"]
[EventDate "2000.??.??"]

1. d4 Nf6 2. Nf3 g6 3. c4 Bg7 4. g3 c6 5. Bg2 d5 6. cxd5 cxd5 7. Nc3 Nc6 8. Ne5
Bf5 9. Bg5 O-O 10. O-O Qd6 11. Bxf6 Bxf6 12. Rc1 Nxe5 13. dxe5 Qxe5 14. Qxd5
Rab8 15. Rfd1 Rfc8 16. h3 Be6 17. Qf3 b5 18. Kh2 b4 19. Na4 Rxc1 20. Rxc1 Bg7
21. Rc5 Qd6 22. Rc6 Qd8 23. Qf4 Bxa2 24. Ra6 e5 25. Qf3 Qd7 26. b3 Qd4 27. e3
Qd2 28. Nc5 Qc2 29. Rxa7 Bxb3 30. Ra8 Rf8 31. Nd7 Qd2 32. Qc6 Bh6 33. Nxf8 Bxf8
34. Qc5 {Hossa resigns} 1-0

[Event "ICS rated standard match"]
[Site "204.178.125.65"]
[Date "2000.05.25"]
[Round "?"]
[White "Hossa"]
[Black "QueenMaxima"]
[Result "0-1"]
[WhiteElo "2364"]
[BlackElo "2287"]
[PlyCount "170"]
[EventDate "2000.??.??"]

1. e4 c5 2. Nf3 d6 3. Bb5+ Bd7 4. Bxd7+ Qxd7 5. c4 e5 6. d3 Nf6 7. Nc3 Be7 8.
Bg5 Nc6 9. O-O O-O 10. Bxf6 Bxf6 11. Nd5 Bd8 12. Qa4 f5 13. Nd2 f4 14. Nf3 Rb8
15. Rac1 Re8 16. a3 Re6 17. Qd1 Rg6 18. Kh1 a6 19. b4 b6 20. Rb1 a5 21. bxa5
Nxa5 22. Re1 Nc6 23. Qa4 Rb7 24. Qb5 Ra7 25. a4 Ra5 26. Qb2 Rxa4 27. Qc2 Ra6
28. Qe2 Qg4 29. Rg1 Nd4 30. Nxd4 cxd4 31. Qxg4 Rxg4 32. Rb3 Ra2 33. f3 Rg6 34.
Nb4 Rd2 35. Ra3 Kf7 36. Ra8 Rb2 37. Nd5 Ke8 38. h3 Rd2 39. Nb4 Kd7 40. Nd5 h6
41. Ra3 Rg3 42. Ra7+ Ke6 43. Ra3 h5 44. Ra8 Bf6 45. Ra3 g6 46. Nc7+ Kd7 47. Nd5
Bd8 48. Ra7+ Ke6 49. Ra3 h4 50. Ra8 Kd7 51. Ra7+ Ke8 52. Nb4 g5 53. Rh7 g4 54.
hxg4 h3 55. Rh8+ Kd7 56. Rxh3 Rxh3+ 57. gxh3 Rb2 58. Nd5 Rf2 59. Rd1 Kc8 60.
Kg1 Rxf3 61. Kg2 Rg3+ 62. Kh2 Kb8 63. Nb4 Kb7 64. Nc2 b5 65. cxb5 Kb6 66. Nb4
Kxb5 67. Nd5 Ka4 68. Ra1+ Kb3 69. Ra8 Bh4 70. Rb8+ Ka3 71. Nb6 Rxd3 72. Nc4+
Ka2 73. Rb2+ Ka1 74. Rb5 f3 75. Ra5+ Kb1 76. Ra7 f2 77. Rf7 Rd1 78. Rxf2 Bxf2
79. Kg2 Bh4 80. Kf3 Rc1 81. Nb6 d3 82. Ke3 Kc2 83. Nd5 Re1+ 84. Kf3 d2 85. Nb4+
Kb3 {Hossa resigns} 0-1

[Event "ICS rated bullet match"]
[Site "204.178.125.65"]
[Date "2000.05.25"]
[Round "?"]
[White "QueenMaxima"]
[Black "Hossa"]
[Result "1-0"]
[WhiteElo "2285"]
[BlackElo "2299"]
[PlyCount "141"]
[EventDate "2000.??.??"]

1. e4 c5 2. Nf3 d6 3. d4 Nf6 4. Nc3 cxd4 5. Nxd4 Nc6 6. Bg5 e6 7. Qd2 a6 8.
O-O-O Bd7 9. f4 h6 10. Bh4 Nxd4 11. Qxd4 b6 12. e5 dxe5 13. fxe5 Bc5 14. Qc4 g5
15. exf6 gxh4 16. Qf4 h5 17. Ne4 Bf8 18. Nd6+ Bxd6 19. Rxd6 Qc8 20. Rxb6 h3 21.
Rb3 Bb5 22. Rxh3 Qc6 23. Rc3 Qd5 24. Qb4 Qb7 25. a4 Bc6 26. Qd6 Rd8 27. Qxc6+
Qxc6 28. Rxc6 a5 29. Ra6 Rh6 30. Bb5+ Kf8 31. Rf1 Rg6 32. Rf2 Rg4 33. Rd2 Rb8
34. Rxa5 e5 35. Ra7 Rg6 36. Re7 Rxf6 37. Rxe5 Re6 38. Rxh5 Kg7 39. Rg5+ Kf6 40.
Rdd5 Re4 41. Rgf5+ Ke6 42. Kd2 f6 43. Rh5 Rb7 44. Rd3 Rc7 45. Rhd5 Rb4 46. Rd6+
Kf5 47. R3d5+ Kg6 48. Kc1 Re7 49. Bd3+ Kf7 50. Rh5 Re8 51. Rh7+ Kg8 52. Ra7 Rh4
53. h3 Rf8 54. Bg6 Rb4 55. g3 Rfb8 56. a5 Rxb2 57. Bf7+ Kh8 58. Bb3 R2xb3 59.
cxb3 Rc8+ 60. Kb2 Rf8 61. Rdd7 Rb8 62. Rh7+ Kg8 63. Rag7+ Kf8 64. Rb7 Kg8 65.
Rxb8+ Kxh7 66. a6 f5 67. Rb6 Kg7 68. a7 Kf7 69. a8=Q Ke7 70. Qa7+ Kf8 71. Rb8#
{Hossa checkmated} 1-0